Score 0/24 Timer 03:00
1 Play Today
Hint Missing % Correct
Golden ____ Bridge, San FranciscoGate
97.3%
____ Tower, ParisEiffel
96.5%
____ Mahal, IndiaTaj
94.3%
Sydney ____ HouseOpera
93.8%
Frank ____ Wright, architectLloyd
90.2%
Art ____, architectural styleDeco
89.7%
____ Dame de ParisNotre
88.7%
Thomas ____, US president and architectJefferson
87.6%
____ Anne, architectural styleQueen
77.7%
Palace of ____, FranceVersailles
77.4%
St. ____ Cathedral, MoscowBasil's
74.9%
Angkor ____, CambodiaWat
73.7%
Hint Missing % Correct
Doric, ____, and Corinthian columnsIonic
73.6%
The ____ Building, New York CityChrysler
73.4%
Lighthouse of ____, EgyptAlexandria
67.4%
____ Sophia, IstanbulHagia
66.9%
____ buttressFlying
66.6%
I.M. ____, architectPei
61.2%
Dome of the ____, IsraelRock
56.4%
Burj ____, DubaiKhalifa
55.4%
Midcentury ____, architectural styleModern
55%
____ Família, BarcelonaSagrada
49.7%
John Wood, the ____Younger
45%
____ Hadid, architectZaha
24.9%

Today's Daily Dose

Remove Ads.
Support Sporcle.
Get the best of Sporcle when you Go Orange. This ad-free experience offers more features, more stats, and more fun while also helping to support Sporcle. Thank you for becoming a member.

You're not logged in!

Compare scores with friends on all Sporcle quizzes.
OR
Log In

Show Comments

Extras

Top Quizzes Today


Score Distribution

Your Account Isn't Verified!

In order to create a playlist on Sporcle, you need to verify the email address you used during registration. Go to your Sporcle Settings to finish the process.

Report this User

Report this user for behavior that violates our Community Guidelines.

Details: